| 000 | 01268pam a2200361 a 4500 | ||
|---|---|---|---|
| 001 | 3504280 | ||
| 003 | OSt | ||
| 005 | 20140310182348.0 | ||
| 008 | 950203s1995 nyu j 001 0 eng | ||
| 010 | _a 95006106 | ||
| 020 | _a059063254X | ||
| 040 |
_aDLC _cDLC _dDLC |
||
| 042 | _alcac | ||
| 050 | 0 | 0 |
_aQB 46 _b.C591 1995 |
| 082 | 0 | 0 |
_aGS 550 _bSa2 2003 |
| 100 | 1 |
_aSteele, Philip, _d1948- _922031 |
|
| 245 | 1 | 0 |
_aNatural phenomena / _cGeraldine St. Clare |
| 250 | _a1st American ed. | ||
| 260 |
_aNew York : _bKingfisher, _c1995. |
||
| 300 |
_a40 p. ; _c30 cm. |
||
| 440 | 0 |
_aYoung observer _922032 |
|
| 500 | _aIncludes index. | ||
| 650 | 0 |
_aAstronomy _xMiscellanea _xJuvenile literature. _922033 |
|
| 650 | 0 |
_aBlack holes (Astronomy) _xMiscellanea _xJuvenile literature. _922034 |
|
| 650 | 0 |
_aChildren's questions and answers. _921141 |
|
| 650 | 1 |
_aAstronomy _xMiscellanea. _922035 |
|
| 651 | 0 |
_aSolar system _xMiscellanea _xJuvenile literature. _922036 |
|
| 651 | 1 |
_aSolar system _xMiscellanea. _922037 |
|
| 906 |
_a7 _bcbc _corignew _d1 _eocip _f19 _gy-gencatlg |
||
| 942 |
_2lcc _cBK-GS |
||
| 999 |
_c12271 _d12271 |
||